000 00567nam a2200169Ia 4500
008 090201s9999 xx 000 0 und d
010 _aKPL-14257
040 _bमराठी
041 _aमराठी
082 _a4554
_b14257
100 _aडॉ. प्र. न. जोशी
245 _aजुने दोरे नवे धागे
_cडॉ. प्र. न. जोशी
260 _c1974
_bप्रसाद प्रकाशन
300 _a176
_bमोठा
600 _aजुने दोरे नवे धागे
942 _cBOOK
999 _c205585
_d205585